000 00413nam a22001697a 4500
003 koha_MIRAKIL
005 20231213095704.0
008 231213b |||||||| |||| 00| 0 ||| d
040 _aTR-IsEVY
_btur
_cTR-IsEVY
082 _a420 GIB/W
100 _aGIBBONS, GAIL.
245 0 _aWEATHER WORDS AND WHAT THEY MEAN.
260 _bScholastic,
300 _a[ ] p.
650 _aİngiliz Dili.
942 _2ddc
_cBK
999 _c7787
_d7787